000 00331 a2200157 4500
001 72897
020 _a8534218986
040 _cAnchieta - Colégio São Paulo
100 _aQuevedo, Júlio
240 1 0 _aHistória
_lpor
245 1 0 _aHistória
300 _a280
362 0 _a2006
650 4 _aHistória do mundo
942 _cBK
999 _c72897
_d72897